000 01054cam a2200241 4500
008 090401t1994 xxu||||| |||| 00| 0 eng d
020 _a0117529230
035 _a(Sirsi) u72538
041 _aeng
050 _a333.73
110 _aUnited Kingdom
_bDepartment of the Environment
_9982
245 _aAssessment of the effectiveness of derelict land grant in reclaiming land for development.
260 _aLondon
_bHMSO
_c1994
300 _av,80p. : ill. ; 30cm.
350 _a19
520 _aResearch, commissioned by the DoE from Arup Economics & Planning, to evaluate the effectiveness of DLG in tackling the reclamation of land by local authorities for housing, industrial and commercial development. Provides information on the post-reclamation outcome of DLG schemes, the benefits that have arisen, the cost-effectiveness of the process and assesses the performance of DLG.
650 _aARUP ECONOMICS AND PLANNING
650 _aDERELICT LAND GRANT
650 _aDERELICT LAND
690 _aLAND
942 _n0
948 _c04/03/1997
999 _c95511
_d95511